000 00919nam a22001937a 4500
999 _c17929
_d17929
003 BDDh-ASL
005 20231015025646.0
008 200915b1995 ||||| |||| 00| 0 d
040 _aBDDh-ASL
_cBDDh-ASL
_dBDDh-ASL
041 _abengali
082 _a297.09
_bFAG
100 1 _9748
_aফারুকী, ইসমাঈল রাজী আল
245 1 _aজ্ঞানঃ ইসলামী রূপায়ণ/
_cইসমাঈল রাজী আল ফারুকী; মুহাম্মাদ সানাউল্লাহ আখুঞ্জী,
246 _aGayan: Islami Rupayan.
260 _aঢাকা:
_bইসলামিক ইনফরমেশন ব্যুরো,
_c১৯৯৫।
300 _a৮০ পৃষ্ঠা:
_c২২ সে. মি.।
650 0 _9749
_aইসলামী সমাজ ব্যবস্থা
_xইসলাম ধর্ম
942 _2ddc
_cBK